00965nam a2200205Ia 4500008004100000020001500041041001200056082001600068100001700084245005600101260003300157300001000190650001800200700001600218942000700234999001500241952016100256952017100417952017100588221030s9999 xx 000 0 und d a8127201812 aEnglish a105.23bSha aR. K. Sharma 0aManagement Accountingcby R. K. Sharma, S. K. Gupta bKalyani PubaNew Delhic2002 a13.33 aBE Management aS. K. Gupta cBK c3609d3609 pBE 7242g275.00l0o105.23 Shar2024-06-13 00:00:00w2022-10-30yBK003Print4071aMIETLIBbMIETLIBcBL-Second, FL-1, CUP-78, SH-1, R-1d2003-10-1510HBE pBE 7243g275.00l0o105.23 Shar2024-06-13 00:00:00w2022-10-30yBK003Print4070aMIETLIBbMIETLIBcBL-Academic Block C, FL-2, CUP-39, SH-2, R-2d2003-10-1510HBE pBE 7244g275.00l0o105.23 Shar2024-06-13 00:00:00w2022-10-30yBK003Print4070aMIETLIBbMIETLIBcBL-Academic Block C, FL-2, CUP-39, SH-2, R-2d2003-10-1510HBE